Joueurs ayant le plus de minutes jouées en Ligue des Champions - Statistiques

Statistiques générales
  • Ce quiz a été pris 44 fois
  • Le résultat moyen est 19 sur 26
Statistiques - réponses
Minutes Joueurs Clubs % Correct
16189 Christiano Ronaldo Sporting CP, Manchester United, Real Madrid, Juventus
100%
13584 Lionel Messi FC Barcelone, Paris SG
100%
11002 Lucas Modrić Dinamo Zagreb, Tottenham, Real Madrid
92%
1145 Robert Lewandowski Borussia Dortmund, Bayern Munich, FC Barcelone
89%
14293 Manuel Neuer Schalke 04, Bayern Munich
86%
11932 Paulo Maldini AC Milan
86%
10677 Thomas Müller Bayern Munich
86%
11851 Xavi Hernández FC Barcelone
86%
16267 Iker Casillas Real Madrid, FC Porto
84%
11128 Karim Benzema Olympique Lyonnais, Real Madrid
84%
10359 Pepe FC Porto, Real Madrid, Besiktas
81%
12571 Sergio Ramos Real Madrid, PSG, Seville FC
81%
11962 Tony Kroos Bayern Munich, Real Madrid
81%
10735 Gerard Piqué Manchester United, FC Barcelone
76%
12179 Raúl González Real Madrid, Schalke 04
76%
10140 Zlatan Ibrahimovic Juventus, Inter Milan, FC Barcelone, AC Milan, PSG, Manchester United
76%
12000 Gianluigi Buffon Juventus, Paris SG
70%
11089 Ryan Giggs Manchester United
68%
10408 Sergio Busquets FC Barcelone
68%
10562 Xabi Alonso Real Sociedad, Liverpool, Real Madrid, Bayern Munich
62%
10092 Carles Puyol FC Barcelone
59%
10039 Philip Lahm Bayern Munich
57%
10004 Dani Alves FC Barcelone, PSG
49%
10113 David Alaba Bayern Munich, Real Madrid
35%
10014 Clarence Seedorf Ajax Amsterdam, Real Madrid, AC Milan
30%
11239 Roberto Carlos Inter Milan, Real Madrid, Fenerbahçe
11%
Aucun quiz correspondant
Distribution des résultats
% des personnes avec chaque résultat
Percentile par nombre de réponses
Votre historique - résultats
Vous n’avez pas pris ce quiz